000 00647nam a22002417a 4500
001 72110
003 UA-OsUOA
005 20220728160542.0
007 ta
008 20101223b un ||||| |||| 00| 0 ukr d
040 _aUA-OsUOA
_brus
_cUA-OsUOA
_dUA-OsUOA
041 _arus
080 _a821.161.1
090 _a821.161.1
_bЛ49
100 _aЛермонтов М. Ю.
245 _aСочинения
260 _aМ.
_bПравда
_c1988
300 _a720 с.
505 _gТ. 1
650 7 _a821 Художня література окремими мовами і мовними сім'ями
_2UDC
942 _cBK
_2udc
955 _a3
999 _c358396
_d358396